Plnenie klimatických záväzkov: hodnotenie a analýza implementácie klimatických politík vo Francúzsku diplomová práca

Saved in:
Bibliographic Details
Main Author: Sabolová, Laura
Corporate Author: Fakulta medzinárodných vzťahov EU. Katedra medzinárodných politických vzťahov
Other Authors: Augustín, Michael, 1991-
Format: Book
Language:Slovak
Published: Bratislava 2025
Tags: Add Tag
No Tags, Be the first to tag this record!

MARC

LEADER 00000nbm a2200000 4500
001 0309519
005 20260123112846.7
041 0 |a slo 
044 |a SK 
245 1 0 |a Plnenie klimatických záväzkov: hodnotenie a analýza implementácie klimatických politík vo Francúzsku  |b diplomová práca  |c Laura Sabolová ; školiteľ: Michael Augustín 
264 1 |a Bratislava  |c 2025 
300 |a 77 s. 
100 1 |a Sabolová, Laura 
700 1 |a Augustín, Michael, 1991- 
710 2 |a Fakulta medzinárodných vzťahov EU. Katedra medzinárodných politických vzťahov